000
00321nam a22001337a 4500
020
_a
9788122410419
082
_a
621.801
_b
RAO/TH
100
_a
Rao, J.S
245
_a
Theory of machines through solved problems
250
_a
1
260
_a
New Delhi
_b
New Age International (P) Ltd
_c
2009
300
_a
392
942
_c
BK
999
_c
13617
_d
13617